Kvalitní informace jako základ úspěchu využití datových skladů v pojišťovnictví

Porovnanie využitia dátového skladu v bankách a poisťovniach. Základné spôsoby jeho využitia v poisťovniach. Opatrenia proti poisťovacím podvodom. Zjednotenie dát o zákazníkoch.

Gespeichert in:
Bibliographische Detailangaben
1. Verfasser: Arnošt, Daniel
Format: Buchkapitel
Sprache:Tschechisch
Schlagworte:
Tags: Tag hinzufügen
Keine Tags, Fügen Sie das erste Tag hinzu!

MARC

LEADER 00000naa$a2200000$$$4500
001 0007736
005 20231004073420.7
041 0 |a cze 
044 |a CZ 
245 1 0 |a Kvalitní informace jako základ úspěchu  |b využití datových skladů v pojišťovnictví  |c aut. Daniel Arnošt 
520 |a Porovnanie využitia dátového skladu v bankách a poisťovniach. Základné spôsoby jeho využitia v poisťovniach. Opatrenia proti poisťovacím podvodom. Zjednotenie dát o zákazníkoch. 
610 2 0 |a banky 
610 2 0 |a poisťovne 
610 2 0 |a informácie 
610 2 0 |a sklad dát 
610 2 0 |a bankopoisťovne 
100 1 |a Arnošt, Daniel